000 00653cam a2200205 a 4500
020 _a9251043612
040 _cAGL
082 1 4 _a639 FOO 1999 A090 Or.
100 1 _aVannuccini, Stefania
245 1 0 _aShark utilization, marketing, and trade /
260 _aRome :
_bFood and Agriculture Organization of the United Nations,
_c1999
300 _aviii, 470 p. :
_bill. (some col.) ;
_c30 cm
490 1 _aFAO fisheries technical paper,
500 _a"M-47"--T.p. verso
650 0 _aShark industry
650 0 _aShark fisheries
650 0 _aWildlife utilization
710 2 _aFood and Agriculture Organization of the United Nations
942 _cEK
999 _c15995
_d15995